|
|
|
|
| LEADER |
01180nab a2200325 i 4500 |
| 001 |
publ12671 |
| 005 |
20200320214306.0 |
| 008 |
180109s2015 hu o 0|| zxx d |
| 022 |
|
|
|a 8755-6863
|
| 024 |
7 |
|
|a 10.1002/ppul.23103
|2 doi
|
| 024 |
7 |
|
|a 2737994
|2 mtmt
|
| 040 |
|
|
|a SZTE Publicatio Repozitórium
|b hun
|
| 041 |
|
|
|a zxx
|
| 100 |
1 |
|
|a Hantos Zoltán
|
| 245 |
1 |
0 |
|a Assessment of respiratory mechanics with forced oscillations in healthy newborns
|h [elektronikus dokumentum] /
|c Hantos Zoltán
|
| 260 |
|
|
|c 2015
|
| 300 |
|
|
|a 344-352
|
| 490 |
0 |
|
|a PEDIATRIC PULMONOLOGY
|v 50 No. 4
|
| 700 |
0 |
1 |
|a Czövek Dorottya
|e aut
|
| 700 |
0 |
1 |
|a Gyurkovits Zita
|e aut
|
| 700 |
0 |
1 |
|a Szabó Hajnalka
|e aut
|
| 700 |
0 |
1 |
|a Maár Balázs A.
|e aut
|
| 700 |
0 |
1 |
|a Radics Bence
|e aut
|
| 700 |
0 |
1 |
|a Virág Katalin
|e aut
|
| 700 |
0 |
1 |
|a Makan Gergely
|e aut
|
| 700 |
0 |
1 |
|a Orvos Hajnalka
|e aut
|
| 700 |
0 |
1 |
|a Gingl Zoltán
|e aut
|
| 700 |
0 |
1 |
|a Sly Peter D.
|e aut
|
| 856 |
4 |
0 |
|u http://publicatio.bibl.u-szeged.hu/12671/1/Assessment_of_Respiratory_Mechanics_With_Forced_u.pdf
|z Dokumentum-elérés
|
| 856 |
4 |
0 |
|u http://publicatio.bibl.u-szeged.hu/12671/7/Pediatric_pulmonology_2015_4_borito.jpg
|z Dokumentum-elérés
|